Normal view
MARC view
- Coduto, Donalid P
Entry Personal Name
001 - CONTROL NUMBER
- control field: 42377
003 - CONTROL NUMBER IDENTIFIER
- control field: NUST
005 - DATE AND TIME OF LATEST TRANSACTION
- control field: 20210314132306.0
008 - FIXED-LENGTH DATA ELEMENTS
- fixed length control field: 210314|| aca||aabn | a|a d
040 ## - CATALOGING SOURCE
- Original cataloging agency: NUST
- Transcribing agency: NUST
100 ## - HEADING--PERSONAL NAME
- Personal name: Coduto, Donalid P
670 ## - SOURCE DATA FOUND
- Source citation: Work cat.: (NUST): Coduto, Donalid P, Foundation Design : Priniciples and Practices,, 2001
